00646pam a22001574a 4500020004000000040000800040082002600048100001700074245015800091260003700249300003300286650002400319650002400343856006400367856005700431 a0071412867 (hardcover : alk. paper) cDLC00a658 MCG 2005 A048 Or.1 aBerry, John,10aTangible strategies for intangible assets :bhow to manage and measure your company's brand, patents, intellectual property, and other sources of value / aNew York :bMcGraw-Hill,cc2005. aix, 325 p. :bill. ;c24 cm. 0aIntangible property 0aIntangible property42uhttp://www.loc.gov/catdir/description/mh051/2004012351.html42uhttp://www.loc.gov/catdir/bios/mh051/2004012351.html